00480nam a2200169 a 450000100100000000500170001000800410002702000150006804000250008308200150010810000200012324500410014325000130018426000400019730000280023750000450026500003551220200930074410.0111102s1991 sp a 001 0 spa d a8430520457 aDO-SdBNPbspacBNPHU axxxxbxxxx1 aSerrano, Blanca10aCocina española /cBlanca Serrano. a32a. ed. aMadrid, España :bSusaeta,c1991. a359 p. :bil. ;c23 cm. aIncluye índice alfabético de recetas